• 首页
  • 本馆介绍
  • 公告通知
  • 最新文献
  • 馆藏检索
  • 电子资源
  • 读者导购
  • 参考咨询
  • 我的图书馆
  • 登录
  • 详细信息显示
  • 放入我的书架
  • 预约/预借图书
  • 作者相关作品
  • 分类相关作品
  • 丛书相关作品
  • 出版社相关作品

书目信息

  • 表格格式
  • 工作单格式
  • 卡片格式
题名:
集成电路制造技术
    
 
作者: 杜中一 著
分册:  
出版信息: 北京   化学工业出版社  2017.6
页数: 172页
开本: 24cm
丛书名:
单 册:
中图分类: TN405
科图分类:
主题词: 集成电路工艺
电子资源:
ISBN: 978-7-122-26284-4
000 00914nam0 2200229 450
001 0400004843
005 20171025103102.0
010    @a978-7-122-26284-4@dCNY35.00
100    @a20160422d2017 em y0chiy50 ea
101 0  @achi
102    @aCN@b110000
105    @aa z 000yy
106    @ar
200 1  @a集成电路制造技术@9ji cheng dian lu zhi zao ji shu@b专著@f杜中一著
210    @a北京@c化学工业出版社@d2017.6
215    @a172页@c图@d24cm
330    @a本书全面系统地介绍了集成电路制造技术,内容包括:集成电路制造概述、多晶半导体的制备、单晶半导体的制备、晶圆制备、薄膜制备、金属有机物化学气相沉积、光刻、刻蚀及掺杂。本书简要介绍了集成电路制造的基本理论基础,系统介绍了多晶半导体、单晶半导体与晶圆的制备,详细介绍了薄膜制备、光刻与刻蚀及掺杂等工艺。
606 0  @a集成电路工艺
690    @aTN405@v5
701  0 @a杜中一@9du zhong yi@4著
801  0 @aCN@b91MARC@c20171025
905    @b1039591-5@dTN405@f5@e159
    
    集成电路制造技术/杜中一著.-北京:化学工业出版社,2017.6
    172页:图;24cm
    
    
    ISBN 978-7-122-26284-4:CNY35.00
    本书全面系统地介绍了集成电路制造技术,内容包括:集成电路制造概述、多晶半导体的制备、单晶半导体的制备、晶圆制备、薄膜制备、金属有机物化学气相沉积、光刻、刻蚀及掺杂。本书简要介绍了集成电路制造的基本理论基础,系统介绍了多晶半导体、单晶半导体与晶圆的制备,详细介绍了薄膜制备、光刻与刻蚀及掺杂等工艺。
●
相关链接 在E读中查询图书 在五车中查询图书 在当当中查询图书 在豆瓣中查询图书


正题名:集成电路制造技术     索取号:TN405/159         预约/预借

序号 登录号 条形码 馆藏地/架位号 状态 备注
1 1039591   210395918   第二样本阅览室/ [索取号:TN405/159] 在馆    
2 1039592   210395927   第三借阅区/ [索取号:TN405/159] 在馆    
3 1039593   210395936   第三借阅区/ [索取号:TN405/159] 在馆    
4 1039594   210395945   第三借阅区/ [索取号:TN405/159] 在馆    
5 1039595   210395954   密集书库-物理学院/ [索取号:TN405/159] 在馆    
唐山师范学院图书馆 欢迎您!
大连网信软件有限公司© 版权所有